000 00642nam a2200229Ia 4500
003 OSt
005 20220926032718.0
006 a|||||r|||| 00| 0
007 ta
008 220923b |||||||| |||| 00| 0 eng d
037 _cGeneral Book
040 _aRTL
_cRTL
_beng
041 _2eng
_aeng
082 _aX:54.42s, (RR)
245 0 _aWhite paper on international trade
_b Japan sumary
260 _aTokyo
_bElsevier Science
_c1983
300 _a426p.
_ccm.
500 _aJapan External Trade Organization, Publication
650 _aTrade
942 _hX:54.42s, (RR)
_cGB
_2CC
999 _c655428
_d655428